Theorists of modernist poetry (Record no. 307)
[ view plain ]
| 000 -LEADER | |
|---|---|
| fixed length control field | 00569 a2200169 4500 |
| 001 - CONTROL NUMBER | |
| control field | 066116 |
| 003 - CONTROL NUMBER IDENTIFIER | |
| control field | OSt |
| 005 - DATE AND TIME OF LATEST TRANSACTION | |
| control field | 20210914143147.0 |
| 008 - FIXED-LENGTH DATA ELEMENTS--GENERAL INFORMATION | |
| fixed length control field | |
| 082 ## - DEWEY DECIMAL CLASSIFICATION NUMBER | |
| Classification number | 811.509 |
| Item number | B38T |
| 100 1# - MAIN ENTRY--PERSONAL NAME | |
| Personal name | Beasley, Robecca |
| 245 1# - TITLE STATEMENT | |
| Title | Theorists of modernist poetry |
| Statement of responsibility, etc | by Robecca Beasley |
| 260 ## - PUBLICATION, DISTRIBUTION, ETC. (IMPRINT) | |
| Place of publication, distribution, etc | London |
| Name of publisher, distributor, etc | Routledge |
| Date of publication, distribution, etc | 2009 |
| 300 ## - PHYSICAL DESCRIPTION | |
| Extent | 144p. |
| 690 ## - LOCAL SUBJECT ADDED ENTRY--TOPICAL TERM (OCLC, RLIN) | |
| Topical term or geographic name as entry element | Pound, Ezra, 1885-1972; Hulme, T. E. (Thomas Ernest), 1883-1917; Eliot, T. S. (Thomas Stearns), 1888-1965; Modernism (Literature); Poetics; United States; English poetry |
| 942 ## - ADDED ENTRY ELEMENTS (KOHA) | |
| Source of classification or shelving scheme | Dewey Decimal Classification |
| Koha item type | Books |
| Withdrawn status | Lost status | Source of classification or shelving scheme | Damaged status | Not for loan | Collection code | Home library | Current library | Date acquired | Source of acquisition | Cost, normal purchase price | Full call number | Barcode | Date last seen | Price effective from | Koha item type |
|---|---|---|---|---|---|---|---|---|---|---|---|---|---|---|---|
| Dewey Decimal Classification | General Text Book | Central University Of Rajasthan | Central University Of Rajasthan | 07/03/2012 | ENG | 220.00 | 811.509 B38T | 402 | 21/11/2024 | 02/09/2020 | Books |
